Normal view
MARC view
- الاسرة - العلاقات الاسرية - الولايات المتحدة الامريكية
Entry Topical Term
001 - CONTROL NUMBER
- control field: 50176
003 - CONTROL NUMBER IDENTIFIER
- control field: JO-AjAnu
005 - DATE AND TIME OF LATEST TRANSACTION
- control field: 20230606082249.0
008 - FIXED-LENGTH DATA ELEMENTS
- fixed length control field: 230606|| aca||aabn | a|a d
040 ## - CATALOGING SOURCE
- Original cataloging agency: JO-AjAnu
- Transcribing agency: JO-AjAnu
150 ## - HEADING--TOPICAL TERM
- Topical term or geographic name entry element: الاسرة - العلاقات الاسرية - الولايات المتحدة الامريكية
670 ## - SOURCE DATA FOUND
- Source citation: Work cat.: (JO-AjAnu)25654: ديمس، جون, author 50175, الماضي والحاضر والشخصي : العائلة ودورة الحياة في التاريخ الامريكي = Past,Present and Personal: The Family and The Life Course in American History